<?xml version="1.0" encoding="UTF-8"?>
<marc:record xmlns:marc="http://www.loc.gov/MARC21/slim">
   <marc:leader>00000nam a2200000 a 4500</marc:leader>
   <marc:datafield ind1="1" ind2=" " tag="100">
      <marc:subfield code="a">Hembes, Silke</marc:subfield>
      <marc:subfield code="4">aut</marc:subfield>
      <marc:subfield code="e">Verfasser/-in</marc:subfield>
   </marc:datafield>
   <marc:datafield ind1=" " ind2=" " tag="653">
      <marc:subfield code="a">Reiten</marc:subfield>
   </marc:datafield>
   <marc:datafield ind1=" " ind2=" " tag="653">
      <marc:subfield code="a">Sport</marc:subfield>
   </marc:datafield>
   <marc:datafield ind1=" " ind2=" " tag="653">
      <marc:subfield code="a">Reitsport</marc:subfield>
   </marc:datafield>
   <marc:datafield ind1=" " ind2=" " tag="653">
      <marc:subfield code="a">Pferd</marc:subfield>
   </marc:datafield>
   <marc:datafield ind1="0" ind2="0" tag="245">
      <marc:subfield code="a">Der Weg zum guten Reiten</marc:subfield>
   </marc:datafield>
   <marc:datafield ind1="0" ind2="0" tag="245">
      <marc:subfield code="b">motivierende und klare Hilfen.</marc:subfield>
   </marc:datafield>
   <marc:datafield ind1="0" ind2="0" tag="245">
      <marc:subfield code="c">Silke Hembes</marc:subfield>
   </marc:datafield>
   <marc:datafield ind1=" " ind2="1" tag="264">
      <marc:subfield code="a">Stuttgart</marc:subfield>
      <marc:subfield code="b">Franckh-Kosmos</marc:subfield>
      <marc:subfield code="c">2012</marc:subfield>
   </marc:datafield>
   <marc:datafield ind1="1" ind2=" " tag="520">
      <marc:subfield code="a">Kenne ich das Zusammenspiel der Hilfen zum klaren Abfragen einer Lektion? Was heißt &#x84;mit dem Kreuz treiben&#x94; - und geht das überhaupt? Was ist tatsächlich gemeint mit dem &#x84;Führen am äußeren Zügel&#x94; und was bedeutet es, &#x84;von hinten nach vorne&#x94; zu reiten? All das und mehr ist notwendiges Wissen, um tatsächlich in fließender Bewegung und in Balance mit dem Pferd eins werden zu können. Silke Hembes gelingt es, gutes, pferdefreundliches Reiten detailliert und aus kleinen Bausteinen zusammengesetzt zu erklären. Hat der Leser erst die innere Logik der Reiterhilfen begriffen, wird er erfahren: Es ist tatsächlich möglich, ein Pferd so zu führen, dass es gerne bereit ist, das zu tun, worum es der Reiter bittet. Es so zu reiten, dass der Wunsch des Reiters zum Wunsch des Pferdes wird.</marc:subfield>
   </marc:datafield>
   <marc:datafield ind1=" " ind2=" " tag="020">
      <marc:subfield code="a">9783440126219</marc:subfield>
      <marc:subfield code="9">9783440126219</marc:subfield>
   </marc:datafield>
   <marc:datafield ind1=" " ind2=" " tag="020">
      <marc:subfield code="a">3440126218</marc:subfield>
      <marc:subfield code="9">3440126218</marc:subfield>
   </marc:datafield>
   <marc:datafield ind1=" " ind2=" " tag="300">
      <marc:subfield code="a">247 S. : zahlr. Ill.</marc:subfield>
   </marc:datafield>
</marc:record>
